Training guide Malaysia

Bibliographic Details
Format: Book
Language:English
Published: Petaling Jaya : Challenger Concept 2003
Edition:Sixth Edition
Subjects:

MARC

LEADER 00000cam a2200000 7i4500
001 0000015206
005 20230315.0
008 050222 my eng
040 |a INSlbenglcINSlerda 
090 0 0 |a HF5549.5.T7   |b .T73 2003 
245 1 0 |a Training guide Malaysia 
250 |a Sixth Edition 
264 1 |a Petaling Jaya :   |b Challenger Concept   |c 2003 
300 |a 380 pages :   |b illustrations ;   |c 30 cm. 
336 |a text  |2 rdacontent 
337 |a unmediated  |2 rdamedia 
338 |a volume  |2 rdacarrier 
650 0 |a Occupational training   |z Malaysia   |x Guidebooks 
650 0 |a Training   |z Malaysia   |x Guidebooks 
650 0 |a Vacational education   |z Malaysia   |x Guidebooks 
999 |a 0000014890   |b BOOK   |c Open Shelf   |e Default branch